LEADER 01680nam0-2200313---450 001 9910325048603321 005 20241021125500.0 012 $aD.US s.o- o-ue quB. (3) 1800 (R)$2fei$5IT-NA0338: f I 10 (3 100 $a20190628d1800----km-y0itay50------ba 101 0 $alat 102 $aIT 140 $aa-----------------bb0------- 200 1 $aTicinensis horti academici plantae selectae quas descriptionibus illustravit, observationibus auxit Dominicus Nocca. Fasciculus primus 210 $aTicini$cex typographia haered. Petri Galeatii$d1800 215 $a[6], 52, [2] p., VI c. di tav.$cill. calcogr.$dfol. 300 $aPubblicato solo il primo fascicolo, cfr. Pritzel, 6709 307 $aSegn.: ?² *²(-*2) [A]² B-N² ?¹. - Ultima carta bianca. - C. ?1 contiene errata 316 $aLegato con: Histoire des chênes de l'Amérique, ou Description et Figures de toutes les espèces et varietés des chênes de l'Amérique Septentrionale ... Par André Michaux, ... e con: Revisio saxifragarum iconibus illustrata. Auctore Casparo comite de Sternberg ...$5IT-NA0338: f I 10 (3 321 1 $aPritzel$b1872$c6709$uhttps://books.google.it/books?id=_FnAgYaaY0AC&printsec=frontcover&hl=it&source=gbs_ge_summary_r&cad=0#v=onepage&q=6709&f=false 620 $aItalia.$dPavia 700 1$aNocca,$bDomenico$075742 719 00$aGaleazzi,$gPietro$ceredi$4650 801 0$aIT$bUNINA$gREICAT$2UNIMARC 901 $aAQ 912 $a9910325048603321 952 $af I 10 (3$b338$fDBV 959 $aDBV 996 $aTicinensis horti academici plantae selectae quas descriptionibus illustravit, observationibus auxit Dominicus Nocca. Fasciculus primus$91559886 997 $aUNINA